000 00494nam a2200181Ia 4500
003 GCL
008 140319s9999 xx 000 0 ara d
040 _aGCL /
_cGCL
082 0 4 _a923.5
_bم ج
100 1 _aمحمد العتر
245 1 0 _aجواد حسنى /
_cمحمد العتر
300 _a63 ص
490 _aمع الخالدين
_v0
650 0 4 _aالتراجم
650 0 4 _aالاعتداء الثلاثى على مصر 1956
650 0 4 _aجواد حسنى
942 _2ddc
_cBK
999 _c47629
_d47629